000
00292nam a2200133Ia 4500
008
191201s2008 xx 000 0 und d
100
_a
HEARN,Donald
245
0
_a
Computer Graphics
250
_a
Rep
260
_a
N. delhi
_b
PHI
_c
2008
300
_a
637
650
_a
MCA
942
_2
ddc
_c
BK
_0
2
999
_c
3734
_d
3734